Identidad Etnica, Identidad Nacional, lengua y lingüistica. Lección inaugural del curso lectivo de 1993

Guardado en:
書目詳細資料
主要作者: Zimmermann, Klaus
格式: Texto
出版: San José: UCR
標簽: 添加標簽
沒有標簽, 成為第一個標記此記錄!

MARC

LEADER 00000 a a2200000 04500
001 25347
003
040
090 |a 181300  
100 |a Zimmermann, Klaus  
245 |a Identidad Etnica, Identidad Nacional, lengua y lingüistica. Lección inaugural del curso lectivo de 1993  
260 |a San José:   |b UCR  
300 |a 23 p.  
999 |c 10546  |d 10546